000 01389 a2200181 4500
020 _a1572312165
082 _a005.7
090 _c2353
_d2353
100 1 0 _aChappell, David
245 1 0 _aUnderstanding ActiveX and OLE
_b: a guide for developers and managers
_c/ David Chappell.
260 _aRedmond, Wash.
_b: Microsoft Press
_c, c1996.
300 _axiv, 328 p.
_b: ill.
_c; 23 cm.
440 0 _aStrategic technology series.
500 _aIncludes index.
520 _aIt's your job to make strategic development and design decisions about new applications, Windows, the Internet, and how they all interact. To do your job even better, get Understanding ActiveX and OLE. It shows you the strategic significance of the Component Object Model (COM) as the foundation for Microsoft's object technology - and clarifies the evolution of OLE technology. It also introduces you to the new powerful ActiveX technology for the Internet. With Understanding ActiveX and OLE, you'll gain a firm conceptual grounding without extraneous details or implementation specifics. The Strategic Technology Series targets a wide audience of executives, business planners, software designers, and technical managers who need a quick, comprehensive introduction to important technologies and their implications for business.
650 0 _aObject-oriented programming (Computer science)
942 _cBK
_k005.7 CHA
999 _c6283
_d6283